| 000 | 00764cam a22002538a 4500 | ||
|---|---|---|---|
| 008 | |||
| 020 | _a9780443068232 (pbk.) | ||
| 049 | _aMAIN | ||
| 090 |
_aRC683.5 _bHAM |
||
| 100 | 1 | _aHampton, John R. | |
| 245 | 1 | 0 |
_a150 ECG problems / _cJohn R. Hampton. |
| 246 | 3 | _aOne hundred fifty ECG problems. | |
| 250 | _a3rd ed. | ||
| 260 |
_aEdinburgh : _bChurchill Livingstone, _c2008. |
||
| 300 |
_aix, 312 p. : _bill. ; _c19 cm. |
||
| 500 | _aIncludes index. | ||
| 650 | 0 |
_aElectrocardiography _vProblems, exercises, etc. |
|
| 650 | 1 | 2 |
_aElectrocardiography _vProblems and Exercises. |
| 907 |
_a.b10299762 _b21-10-13 _c11-07-11 |
||
| 003 | |||
| 005 | 20230123125320.0 | ||
| 040 | _cNUST | ||
| 942 |
_cBOOKS _kRC683.5 _mHAM |
||
| 999 |
_c139411 _d139411 |
||